The War of the Worlds (Record no. 46592)

MARC details
000 -LEADER
fixed length control field 00393nam a22001697a 4500
005 - DATE AND TIME OF LATEST TRANSACTION
control field 20260514121810.0
008 - FIXED-LENGTH DATA ELEMENTS--GENERAL INFORMATION
fixed length control field 260514b |||||||| |||| 00| 0 eng d
020 ## - INTERNATIONAL STANDARD BOOK NUMBER
International Standard Book Number 9789349919549
041 ## - LANGUAGE CODE
Language code of text/sound track or separate title Eng
082 ## - DEWEY DECIMAL CLASSIFICATION NUMBER
Classification number 823 WEL
100 ## - MAIN ENTRY--PERSONAL NAME
Author Wells, G. H
245 ## - TITLE STATEMENT
Title The War of the Worlds
260 ## - PUBLICATION, DISTRIBUTION, ETC.
Publisher New Dehli
Publication Year 2026
300 ## - PHYSICAL DESCRIPTION
Extent 221;. P. 19 cm
650 ## - SUBJECT ADDED ENTRY--TOPICAL TERM
Subject General; Fiction
942 ## - ADDED ENTRY ELEMENTS (KOHA)
Koha item type Books
Holdings
Withdrawn status Lost status Source of classification or shelving scheme Damaged status Not for loan Home library Current library Shelving location Accession Date Vendor Price Bill number Total Checkouts Full call number Barcode No Date last seen Discount Cost, replacement price Bill Date Koha item type Suggested By
    Dewey Decimal Classification     IMTN IMTN Rack 39-A 05/14/2026 Raghav Books Private Limited 299.00 2630   823 WEL 34059 05/14/2026 30 209.30 04/30/2026 Books Recommended by Dr. Jitendra Sharma
Designed & Maintained by: LRC IMT Nagpur Contact: lrc@imtnag.ac.in© 2024. All Rights Reserved.